The English Football Quiz - Statistics

General Stats
  • This quiz has been taken 219 times
    141 since last reset
  • The average score is 77 of 160
Answer Stats
Answer % Correct
Arsenal
96%
Manchester City
93%
Manchester United
93%
Brighton & Hove Albion
91%
Everton
91%
Liverpool
91%
Newcastle United
91%
Wolverhampton Wanderers
91%
Chelsea
90%
West Ham United
90%
Aston Villa
89%
Leeds United
89%
Norwich City
89%
Cardiff City
88%
Derby County
88%
Southampton
88%
Tottenham Hotspur
88%
Crystal Palace
86%
Leicester City
86%
Fulham
85%
Sheffield United
84%
Bournemouth
83%
Burnley
83%
Swansea City
83%
Watford
83%
Birmingham City
80%
Sheffield Wednesday
80%
Queen Park Rangers
78%
West Bromwich Albion
78%
Bolton Wanderers
76%
Nottingham Forest
76%
Stoke City
76%
Sunderland
74%
Blackpool
73%
Luton Town
73%
Blackburn Rovers
71%
Middlesbrough
71%
Bristol City
69%
Huddersfield Town
69%
Hull City
69%
Portsmouth
69%
Charlton Athletic
68%
Wigan Athletic
68%
Preston North End
66%
AFC Wimbledon
65%
Brentford
65%
Millwall
65%
Ipswich Town
64%
Accrington Stanley
63%
Bradford City
63%
Reading
63%
Bristol Rovers
61%
Plymouth Argyle
61%
Coventry City
60%
Doncaster Rovers
60%
Barnsley
59%
Lincoln City
58%
Wycombe Wanderers
58%
Burton Albion
56%
Notts County
56%
Cambridge United
55%
Crewe Alexandra
55%
Milton Keynes Dons
55%
Bury
54%
Gillingham
54%
Colchester United
53%
Exeter City
53%
Peterborough United
53%
Chester
51%
Leyton Orient
51%
Newport County
51%
Northampton Town
51%
Oldham Athletic
51%
Tranmere Rovers
51%
Walsall
51%
Forest Green Rovers
50%
Grimsby Town
50%
Rotherham United
50%
Swindon Town
50%
Macclesfield Town
49%
Salford City
49%
Yeovil Town
49%
Carlisle United
48%
Mansfield Town
48%
Oxford United
46%
Port Vale
46%
Stockport County
46%
Rochdale
45%
York City
45%
Fleetwood Town
44%
Shrewsbury Town
44%
Wrexham
44%
Cheltenham Town
43%
Chesterfield
43%
Hartlepool United
43%
Scunthorpe United
43%
Southend United
43%
Aldershot Town
41%
Morecambe
41%
Torquay United
41%
Crawley Town
40%
Barnet
39%
Barrow
39%
Harrogate Town
39%
FC Halifax Town
35%
Oxford City
35%
Stevenage
35%
Dover Athletic
34%
Hereford
33%
Sutton United
33%
Darlington
30%
Dagenham & Redbridge
29%
Bath City
28%
Gateshead
28%
Boston United
26%
Eastleigh
26%
Kidderminster Harriers
26%
Boreham Wood
25%
Bromley
25%
Southport
25%
Woking
25%
Maidenhead United
24%
Maidstone United
24%
Solihull Moors
24%
Altrincham
23%
AFC Fylde
21%
Wealdstone
21%
Weymouth
21%
Braintree Town
20%
Chelmsford City
20%
King's Lynn Town
20%
Blyth Spartans
19%
Chorley
18%
Ebbsfleet United
18%
Poole Town
18%
Slough Town
18%
Billericay Town
16%
Bradford Park Avenue
16%
Gloucester City
16%
Kettering Town
16%
AFC Telford United
15%
St Albans City
15%
Havant & Waterlooville
14%
Eastbourne Borough
13%
Alfreton Town
11%
Hemel Hempstead Town
11%
Tonbridge Angels
11%
Welling United
11%
Brackley Town
10%
Curzon Ashton
10%
Dartford
10%
Farsley Celtic
10%
Leamington
10%
Chippenham Town
9%
Dorking Wanderers
9%
Hampton & Richmond
9%
Guiseley
8%
Concord Rangers
6%
Hungerford Town
6%
Spennymoor Town
5%
No matching quizzes found
Score Distribution
Percent of People with Each Score
Percentile by Number Answered
Your Score History
You have not taken this quiz since the last reset